LEADER 01316nam a2200277 4500 001 000000350302 003 CaOOAMICUS 005 20220516103505.0 008 220516s2021 it 000 u ita r 020 $a978-88-7698-430-3 040 $aSeMil$bita 100 1 $aCioran, Emile Mihai,$d<1911-1995>.$0(OLS)http://semarc/name/42389 245 10$aSaggio sul pensiero reazionario :$ba proposito di Joseph de Maistre /$cEmil M. Cioran ; traduzione e prefazione Riccardo De Benedetti. 264 1$aMilano :$bMedusa,$c2021. 300 $a113 p. ;$c15 cm 490 1 $aLe api ;$v46 600 14$aMaistre, Joseph : de <1753-1821>.$0(OLS)http://semarc/subject/25955 650 4$aCioran, Emile Michel <1911-1995> - Pensiero filosofico.$0(OLS)http://semarc/subject/27731 700 1 $aDe Benedetti, Riccardo,$d<1955- >.$0(OLS)http://semarc/name/20615 830 3$aLe api ;$v46.$0(OLS)http://semarc/title/6938 850 $aSeMil 852 $aSeMil$W1$xVenegono$y1$m2P I 977$j232700$B241353$CSeMilBibl$Z2$F241353 $81 996 $6020$a978-88-7698-430-3$9(OLS)http://semarc/number/295878 996 $6245$aSaggio sul pensiero reazionario :$ba proposito di Joseph de Maistre$9(OLS)http://semarc/title/439994 996 $6264$aMilano :$bMedusa$9(OLS)http://semarc/publisher/33071 LEADER 00935nam a2200241 i 4500 001 000000223995 003 CaOOAMICUS 005 20131023000000.0 008 131023s1989 it u000 u ita u 013 $a202893 040 $aSeMil$bita 245 10$aTavernerio e oltre /$cmemorie storiche di Tavernerio raccolte dal parroco G. Baserga. 260 $aComo :$bBanco Lariano,$c1989. 260 $a[S.l. :$bs.n.],$c1989. 300 $a67 p. :$bill. ;$c30 cm. 650 4$aTavernerio.$0(OLS)http://semarc/subject/40959 700 1 $aBaserga, Giovanni.$0(OLS)http://semarc/name/76473 850 $aSeMil 852 $aSeMil$W1$xVenegono$y1$m3P V 422$j174341$B174341$CSeMilBibl$Z2$F185801 $81 961 $aOmaggio: Altro 996 $6245$aTavernerio e oltre$9(OLS)http://semarc/title/321118 996 $6260$a[S.l. :$bs.n.]$9(OLS)http://semarc/publisher/29751 996 $6260$aComo :$bBanco Lariano$9(OLS)http://semarc/publisher/43269